000 00547nam a22001697a 4500
003 NUST
038 _aNusrat Nadeem
082 _a200
100 _aHaider, Muhammad
_921126
245 _aPredictive Attribute Learning: From 2D RGB Prediction to Temporal Dynamics/
_cMuhammad Haider,
264 _aIslamabad;
_bSEECS NUST;
_c2024.
300 _a89,p;
_bill;
_c30,cm.
650 _aMS-Computer Science
_926780
700 _aSupervisor: Dr. Adnan Aslam
_9125373
856 _uhttp://10.250.8.41:8080/xmlui/handle/123456789/45917
942 _2ddc
_cSC
999 _c611126
_d611126